Squared away / Cara Putman.
Available copies
- 1 of 1 copy available at LARL/NWRL Consortium.
Current holds
0 current holds with 1 total copy.
Show All Copies
| Location | Call Number / Copy Notes | Barcode | Shelving Location | Status | Due Date |
|---|---|---|---|---|---|
| Godel Memorial-Warren Library | PUT (Text) | 35500006860116 | Main | Available | - |
Record details
- Physical Description: 295 pages ; 22 cm.
- Publisher: New York : Guideposts, [2011]
Content descriptions
| Summary, etc.: | Sarah Hart participates in a fabric swap and finds ... Read More |
Search for related items by subject
| Genre: | Christian fiction. Detective and mystery fiction. Fiction. Christian fiction. Christian fiction. Detective and mystery fiction. |
Search for related items by series
| LDR | 02254cam a2200517 i 4500 | ||
|---|---|---|---|
| 001 | 462319 | ||
| 003 | LARL_NWRL_CONSORTIUM | ||
| 005 | 20250505143616.0 | ||
| 008 | 110901s2011 nyu 000 1 eng | ||
| 010 | . | ‡a 2011500010 | |
| 040 | . | ‡aDLC ‡beng ‡erda ‡cDLC ‡dWIQ ‡dOCLCF ‡dTDS ‡dOCLCO ‡dOCL ‡dMWV ‡dTXSVP ‡dJGP ‡dW$G ‡dOCLCO ‡dCHBRC ‡dOCLCO ‡dOCL ‡dOCLCO ‡dOCLCL | |
| 035 | . | ‡a(OCoLC)744368298 | |
| 042 | . | ‡apcc | |
| 082 | 0 | 0. | ‡a813/.6 ‡223 |
| 084 | . | ‡aFIC042000 ‡aFIC044000 ‡aFIC050000 ‡aFIC022100 ‡aFIC022040 ‡2bsiacsh | |
| 100 | 1 | . | ‡aPutman, Cara C. ‡0(LARL_NWRL_CONSORTIUM)215919 |
| 245 | 1 | 0. | ‡aSquared away / ‡cCara Putman. |
| 260 | . | ‡aNew York : ‡bGuideposts, ‡c[2011] | |
| 300 | . | ‡a295 pages ; ‡c22 cm. | |
| 336 | . | ‡atext ‡2rdacontent | |
| 337 | . | ‡aunmediated ‡2rdamedia | |
| 338 | . | ‡avolume ‡2rdacarrier | |
| 490 | 0 | . | ‡aPatchwork mysteries ; ‡v11 |
| 520 | . | ‡aSarah Hart participates in a fabric swap and finds that one of the fabrics has small traces of metallic ink on it. She deduces that the ink is related to a series of counterfeit bills that have been circulating in town-- can she find who the culprit is? | |
| 650 | 0. | ‡aQuilts ‡vFiction. ‡0(LARL_NWRL_CONSORTIUM)166990 | |
| 650 | 0. | ‡aCounterfeits and counterfeiting ‡vFiction. | |
| 650 | 7. | ‡aFICTION / Christian / General. ‡2bisacsh | |
| 650 | 7. | ‡aFICTION / Crime. ‡2bisacsh | |
| 650 | 7. | ‡aFICTION / Mystery & Detective / Amateur Sleuth. ‡2bisacsh | |
| 650 | 7. | ‡aFICTION / Contemporary Women. ‡2bsiacsh | |
| 650 | 7. | ‡aFICTION / Mystery & Detective / Women Sleuths. ‡2bsiacsh | |
| 650 | 7. | ‡aCounterfeits and counterfeiting. ‡2fast ‡0(LARL_NWRL_CONSORTIUM)17889 | |
| 650 | 7. | ‡aQuilts. ‡2fast ‡0(LARL_NWRL_CONSORTIUM)29229 | |
| 655 | 7. | ‡aChristian fiction. ‡2fast | |
| 655 | 7. | ‡aDetective and mystery fiction. ‡2fast | |
| 655 | 7. | ‡aFiction. ‡2fast | |
| 655 | 7. | ‡aChristian fiction. ‡2gsafd | |
| 655 | 7. | ‡aChristian fiction. ‡2lcgft | |
| 655 | 7. | ‡aDetective and mystery fiction. ‡2lcgft | |
| 901 | . | ‡a462319 ‡bAUTOGEN ‡c462319 ‡tbiblio | |

Add to basket
Permalink
Disable Highlighting